00795cam a22002411 4500001001300000003000400013005001700017008004100034010001700075025001900092035001900111040001800130042001200148050002400160100002000184245016700204250002200371260006200393300002300455650001800478650004000496999001700536sa 65009433 DLC20260227112202.0801108s1964 ii 000 0 eng  asa 65009433  aPL480:I-E-4390 a(OCoLC)6913487 aDLCcNICdDLC apremarc00aHD5070.W4bC45 19641 aChakrabarti, B.10aWages, grades and scales of pay, dearness allowance, leave and holidays, amenities, and facilities in the engineering industry in West Bengal,cby B. Chakrabarti. aRev. and enl. ed. aCalcutta,bIndian Industrial & Commercial Service,c1964. axi, 232 p.c25 cm. 0aWageszIndia. 0aCost and standard of livingzIndia. c66211d66211